Visualizzazione normale
Vista MARC
- Bogdanovich Peter
di Personal Name
Records bibliografici associati: 1
001 - CONTROL NUMBER
- control field: 38187
003 - CONTROL NUMBER IDENTIFIER
- control field: IT-RoPau
005 - DATE AND TIME OF LATEST TRANSACTION
- control field: 20151125213258.0
008 - FIXED-LENGTH DATA ELEMENTS
- fixed length control field: 151125|| aca||aabn | a|a d
040 ## - CATALOGING SOURCE
- Original cataloging agency: IT-RoPau
- Transcribing agency: IT-RoPau
100 ## - HEADING--PERSONAL NAME
- Personal name: Bogdanovich Peter
- Miscellaneous information: Codice regista SPICS: 9073
670 ## - SOURCE DATA FOUND
- Source citation: Work cat.: (IT-RoPau)104882: Bogdanovich Peter Codice regista SPICS: 9073, MA PAPA' TI MANDA SOLA? MA PAPA' TI MANDA SOLA? (Rif. Codice opera principale : 21459)